LEADER 01195nam a2200241 i 4500 001 000000104246 003 CaOOAMICUS 005 20011108000000.0 008 011108s1931 it u000 u ita u 013 $a76433 040 $aSeMil$bita 245 10$aGregorio 15. (1621-1623) ed Urbano 8. (1623-1644) /$cversione italiana di Pio Cenci. 300 $aLV. 1102 p. 500 $aIn appendice : Documenti inediti e comunicazioni d'archivio. 600 04$aGregorio XV .$0(OLS)http://semarc/subject/18200 600 04$aUrbano VIII .$0(OLS)http://semarc/subject/11114 700 1 $aPastor, Ludwig : von <1854-1928>.$0(OLS)http://semarc/name/610 700 1 $aCenci, Pio.$0(OLS)http://semarc/name/30478 773 0 $aPastor, Ludwig : von <1854-1928>$tStoria dei papi.$dRoma : Desclée & C.-Editori Pontifici, 1908-1963.$gVolume13$w()762 773 0 $tStoria dei papi nel periodo della Restaurazione Cattolica e della Guerra dei Trent'anni.$gVolume$w()6799 850 $aSeMil 852 $aSeMil$W1$xVenegono$y1$mSL1.F IV 13$j60645$B60645$CSeMilBibl$Z2$F45054 $8I 996 $6245$aGregorio 15. (1621-1623) ed Urbano 8. (1623-1644)$9(OLS)http://semarc/title/151184 LEADER 01284nam a2200289 i 4500 001 000000106086 003 CaOOAMICUS 005 20091019000000.0 008 091019s1997 it u000 u ita u 013 $a78280 020 $a88-384-2133-1 040 $aSeMil$bita 245 12$aI malati mentali, dall'esclusione alla solidarietà /$cBeppino Taufer , Ilario Toso , Lino Guidolin (a cura di) 260 $aCasale Monferrato (AL) :$bPiemme,$c1997. 300 $a269 p. ;$c21 cm. 490 0 $aBiblioteca della solidarietà ;$v11 650 4$aMalati mentali - Assistenza sociale.$0(OLS)http://semarc/subject/18457 700 1 $aTaufer, Beppino.$0(OLS)http://semarc/name/44670 700 1 $aGuidolin, Lino.$0(OLS)http://semarc/name/44672 700 1 $aToso, Ilario.$0(OLS)http://semarc/name/44671 830 0$aBiblioteca della solidarietà ;$v11.$0(OLS)http://semarc/title/9466 850 $aSeMil 852 $aSeMil$W1$xVenegono$y1$m2F I 11$j62240$B62240$CSeMilBibl$Z2$F76937 $81 961 $aOmaggio: Monti don Eros 996 $6020$a88-384-2133-1$9(OLS)http://semarc/number/86539 996 $6245$aI malati mentali, dall'esclusione alla solidarietà$9(OLS)http://semarc/title/153771 996 $6260$aCasale Monferrato (AL) :$bPiemme$9(OLS)http://semarc/publisher/30052